000 00677nam a2200217 a 4500
999 _c5212
_d5212
001 1931749
003 GZU
005 20210330101618.0
008 860121s1984 rh 000 1 nde
010 _a 85981099
020 _a0869223259 :
_c$1.90
040 _aDLC
_cDLC
_dDLC
050 0 0 _aPL8547.N289
_bT8 1984
100 1 _aTshuma, Macrey Steward,
_d1950-
245 1 0 _aAwu bakithi /
_cilotshwe nguMacrey Steward Tshuma.
260 _aGweru, Zimbabwe :
_bMambo Press in association with the Literature Bureau,
_c1984.
300 _a115 p. ;
_c18 cm.
500 _aIn Ndebele.
906 _a7
_bcbc
_corignew
_d2
_encip
_f19
_gy-gencatlg
942 _2lcc
_cBK
_h8547
_iTSH
_kPL
_m1984